000 00546nam a2200205Ia 4500
005 20250508162448.0
008 008 250505s9999 xx 000 0 hin d
037 _aTextual
040 _aFEDL
_beng
_cFEDL
041 _ahin
_2eng
084 _a141, MAS
_qFEDL
100 _aMasiha Ya
_9773205
245 0 _aHegel aur bradley ka pratyayavada
260 _aPatna, India
_bHindi Granth Akademi
_c1974
300 _a376p.
365 _aINR
_b14.5
650 _aPhilosophy
942 _cTEXL
_h141, MAS
999 _c1376700
_d1376700